<?xml version="1.0" encoding="UTF-8"?>
<record
    xmlns:xsi="http://www.w3.org/2001/XMLSchema-instance"
    xsi:schemaLocation="http://www.loc.gov/MARC21/slim http://www.loc.gov/standards/marcxml/schema/MARC21slim.xsd"
    xmlns="http://www.loc.gov/MARC21/slim">

  <leader>02882nab a2200289uuc4500</leader>
  <controlfield tag="001">1283388</controlfield>
  <controlfield tag="005">20240704152416.0</controlfield>
  <controlfield tag="008">120518e20110701                    mul  </controlfield>
  <datafield tag="035" ind1=" " ind2=" ">
    <subfield code="a">1283388</subfield>
  </datafield>
  <datafield tag="035" ind1=" " ind2=" ">
    <subfield code="a">(OCoLC)820639612</subfield>
  </datafield>
  <datafield tag="040" ind1=" " ind2=" ">
    <subfield code="c">comduadb</subfield>
  </datafield>
  <datafield tag="041" ind1=" " ind2=" ">
    <subfield code="a">ENG</subfield>
    <subfield code="a">mul</subfield>
  </datafield>
  <datafield tag="100" ind1="1" ind2="0">
    <subfield code="a">Espinal Botero, Gabriel E.</subfield>
    <subfield code="4">aut</subfield>
    <subfield code="e">aut</subfield>
    <subfield code="9">372407</subfield>
  </datafield>
  <datafield tag="245" ind1="1" ind2="0">
    <subfield code="a">Cambios esquel&#xE9;ticos, faciales y dentoalveolares producidos por el tratamiento con placas de acetato y el&#xE1;sticos de clase III en pacientes con mesiorrelaci&#xF3;n esquel&#xE9;tica y dental en dentici&#xF3;n decidua o mixta temprana</subfield>
  </datafield>
  <datafield tag="520" ind1="3" ind2=" ">
    <subfield code="a">Introducci&#xF3;n: el prop&#xF3;sito fue establecer los cambios cl&#xED;nicos y radiogr&#xE1;ficos con el uso durante un a&#xF1;o de placas de acetato bimaxilares con el&#xE1;sticos de clase III para el tratamiento de la clase III esquel&#xE9;tica en pacientes con dentici&#xF3;n decidua o mixta temprana. M&#xE9;todos: se hizo un estudio cl&#xED;nico prospectivo cuasi-experimental en 26 sujetos entre tres y nueve a&#xF1;os. Se tomaron radiograf&#xED;as cef&#xE1;licas laterales y modelos de estudio al inicio, a los seis meses y al a&#xF1;o de tratamiento, se evaluaron cambios postratamiento despu&#xE9;s de tres 
a&#xF1;os en cinco sujetos. En el an&#xE1;lisis estad&#xED;stico se obtuvieron medidas descriptivas y se utiliz&#xF3; la prueba Anova de medidas repetidas para determinar los cambios en el tiempo y se utiliz&#xF3; la prueba no param&#xE9;trica de Wilcoxon, con nivel de significancia de 0,005. Resultados: se obtuvieron cambios esquel&#xE9;ticos favorables a nivel mandibular en los &#xE1;ngulos SNB, facial y gon&#xED;aco, la distancia pog. perpendicular a  N, altura facial anterior inferior, y eje Y; dentoalveolarmente una mejor&#xED;a en la sobremordida horizontal y el Witts, mejor&#xED;a en la est&#xE9;tica 
facial evidenciada por la disminuci&#xF3;n del &#xE1;ngulo FH plano E y de la protrusi&#xF3;n del labio inferior. Despu&#xE9;s de tres a&#xF1;os de finalizado el tratamiento se encontr&#xF3; estabilidad en los resultados. Conclusiones: las placas de acetato con el&#xE1;sticos de clase III fueron una terapia efectiva y estable a tres a&#xF1;os de evaluaci&#xF3;n postratamiento para el mejoramiento facial, de la clase III esquel&#xE9;tica y la mordida cruzada anterior.</subfield>
  </datafield>
  <datafield tag="650" ind1=" " ind2=" ">
    <subfield code="a">Maloclusi&#xF3;n de Angle clase III</subfield>
    <subfield code="9">55710</subfield>
  </datafield>
  <datafield tag="650" ind1=" " ind2=" ">
    <subfield code="a">Aparatos ortop&#xE9;dicos</subfield>
    <subfield code="9">5046</subfield>
  </datafield>
  <datafield tag="650" ind1=" " ind2="7">
    <subfield code="a">Dentici&#xF3;n mixta</subfield>
    <subfield code="2">decs</subfield>
    <subfield code="9">21883</subfield>
  </datafield>
  <datafield tag="650" ind1=" " ind2=" ">
    <subfield code="a">Dentici&#xF3;n primaria</subfield>
    <subfield code="9">199461</subfield>
  </datafield>
  <datafield tag="700" ind1="1" ind2="0">
    <subfield code="a">Betancur P&#xE9;rez, John Jairo</subfield>
    <subfield code="4">aut</subfield>
    <subfield code="e">aut</subfield>
    <subfield code="9">485961</subfield>
  </datafield>
  <datafield tag="700" ind1="1" ind2="0">
    <subfield code="a">Bland&#xF3;n Uribe, Ana Mar&#xED;a</subfield>
    <subfield code="4">aut</subfield>
    <subfield code="e">aut</subfield>
    <subfield code="9">643278</subfield>
  </datafield>
  <datafield tag="700" ind1="1" ind2="0">
    <subfield code="a">Ortiz Burgos, Paola Alejandra</subfield>
    <subfield code="4">aut</subfield>
    <subfield code="e">aut</subfield>
    <subfield code="9">640936</subfield>
  </datafield>
  <datafield tag="773" ind1="0" ind2=" ">
    <subfield code="t">Revista Facultad de Odontolog&#xED;a. Universidad de Antioquia (Medell&#xED;n)</subfield>
    <subfield code="g">Volumen 23, N&#xFA;mero 01, Julio-Diciembre 2011, p. 37-55</subfield>
    <subfield code="w">385976</subfield>
    <subfield code="z">0121246X</subfield>
    <subfield code="0">109914</subfield>
  </datafield>
  <datafield tag="856" ind1="4" ind2=" ">
    <subfield code="u">http://aprendeenlinea.udea.edu.co/revistas/index.php/odont/article/view/2378/9985</subfield>
  </datafield>
  <datafield tag="856" ind1="4" ind2=" ">
    <subfield code="u">http://bibliotecadigital.udea.edu.co/dspace/handle/10495/4676</subfield>
  </datafield>
  <datafield tag="942" ind1=" " ind2=" ">
    <subfield code="c">ARIMP</subfield>
  </datafield>
  <datafield tag="999" ind1=" " ind2=" ">
    <subfield code="c">617252</subfield>
    <subfield code="d">617252</subfield>
  </datafield>
</record>
